Philippines : Fiscal Transparency Evaluation.

This paper discusses the findings of Fiscal Transparency Evaluation on Philippines. Improving fiscal transparency has been a priority in the Philippines over recent years. The government's public financial management reform strategy has helped initiate a wide variety of reforms, which are begin...

Повний опис

Бібліографічні деталі
Співавтор: International Monetary Fund. Fiscal Affairs Dept
Формат: Журнал
Мова:English
Опубліковано: Washington, D.C. : International Monetary Fund, 2015.
Серія:IMF Staff Country Reports; Country Report ; No. 2015/156
Онлайн доступ:Full text available on IMF
LEADER 01838cas a2200241 a 4500
001 AALejournalIMF015304
008 230101c9999 xx r poo 0 0eng d
020 |c 5.00 USD 
020 |z 9781513501161 
022 |a 1934-7685 
040 |a BD-DhAAL  |c BD-DhAAL 
110 2 |a International Monetary Fund.  |b Fiscal Affairs Dept. 
245 1 0 |a Philippines :   |b Fiscal Transparency Evaluation. 
264 1 |a Washington, D.C. :  |b International Monetary Fund,  |c 2015. 
300 |a 1 online resource (87 pages) 
490 1 |a IMF Staff Country Reports 
500 |a <strong>Off-Campus Access:</strong> No User ID or Password Required 
500 |a <strong>On-Campus Access:</strong> No User ID or Password Required 
506 |a Electronic access restricted to authorized BRAC University faculty, staff and students 
520 3 |a This paper discusses the findings of Fiscal Transparency Evaluation on Philippines. Improving fiscal transparency has been a priority in the Philippines over recent years. The government's public financial management reform strategy has helped initiate a wide variety of reforms, which are beginning to bear fruit. Fiscal reporting is relatively comprehensive, frequent, and timely, with many areas of good and advanced practices. Fiscal risk analysis and management is relatively strong in the Philippines compared with other countries. However, improvements are needed in a few areas, especially to capture of risks from guarantees and public-private partnership, assess the scope of tax expenditures, and introduce a longer-term perspective in the fiscal sustainability analysis. 
538 |a Mode of access: Internet 
830 0 |a IMF Staff Country Reports; Country Report ;  |v No. 2015/156 
856 4 0 |z Full text available on IMF  |u http://elibrary.imf.org/view/journals/002/2015/156/002.2015.issue-156-en.xml  |z IMF e-Library